000 00704nam a2200289Ia 4500
001 37485
003 IT-RoPAU
008 130308s9999 xx 000 0 und d
040 _aIT-RoPAU
040 _cIT-RoPAU
041 _aINGLESE
100 _aDesnoes Edmundo
100 _gCodice Aut. SPICS: 7264
245 _aDeath System (The)
245 _bOn Signs
250 _a1a ed.
260 _aOXFORD
260 _bBasil Blackwell
260 _c1985 [1° Ed.:1985 - Ed.Ling.Originale:1985]
300 _a"4 p. (prefazione: no ; testo: 4 [pagine: 39-42])"
650 _aSEMIOLOGIA
650 _eCodice materia Spics: 3251
942 _cBK
957 _71
999 _c40657
_d40657
999 _bSI
999 _g1